| 000 | 01038pam a2200265 a 4500 | ||
|---|---|---|---|
| 999 |
_c331917 _d331917 |
||
| 001 | 3977622 | ||
| 003 | NUST | ||
| 005 | 20171102111641.0 | ||
| 008 | 950209s1995 flua b 001 0 eng | ||
| 010 | _a 95005800 | ||
| 020 | _a1566701120 (acidfree paper) | ||
| 040 |
_aDLC _cDLC _dDLC |
||
| 050 | 0 | 0 |
_aTD897.5 _b.E33 1995 |
| 082 | 0 | 0 |
_a628.3 EDW _220 |
| 100 | 1 |
_aEdwards, Joseph D. _95841 |
|
| 245 | 1 | 0 |
_aIndustrial wastewater treatment : _ba guidebook / _cJoseph D. Edwards. |
| 260 |
_aBoca Raton : _bLewis Publishers, _cc1995. |
||
| 300 |
_a170 p. : _bill. ; _c25 cm. |
||
| 500 | _aH.B | ||
| 504 | _aIncludes bibliographical references (p. 119-137) and index. | ||
| 650 | 0 |
_aFactory and trade waste _xPurification. _91014 |
|
| 650 | 0 |
_aSewage _xPurification. _9265 |
|
| 856 | 4 | 2 |
_3Publisher description _uhttp://www.loc.gov/catdir/enhancements/fy0744/95005800-d.html |
| 906 |
_a7 _bcbc _corignew _d1 _eocip _f19 _gy-gencatlg |
||
| 942 |
_2ddc _cBK _kIESE |
||